• 首页
  • 本馆介绍
  • 公告通知
  • 最新文献
  • 馆藏检索
  • 电子资源
  • 读者导购
  • 参考咨询
  • 我的图书馆
  • 登录
  • 详细信息显示
  • 放入我的书架
  • 预约/预借图书
  • 作者相关作品
  • 分类相关作品
  • 丛书相关作品
  • 出版社相关作品

书目信息

  • 表格格式
  • 工作单格式
  • 卡片格式
题名:
中国技术美学之诞生
    
 
作者: 阎国忠 主编
分册:  
出版信息: 合肥   安徽教育出版社  2000
页数: 273页
开本: 21cm
丛书名: 二十世纪中国美学研究丛书
单 册:
中图分类: B832.1
科图分类:
主题词: 美学-关系-社会生产 , 技术美学--美学史--中国
电子资源:
ISBN: 7-5336-2679-6
000 00699nam0 2200229 45
001 0204271538
005 20031219104055.1
010    @a7-5336-2679-6@dCNY12.50
100    @a20020427d2000 km y0chiy0120 ea
101 0  @achi
105    @a z 000yy
200 1  @a中国技术美学之诞生@AZhong Guo Ji Shu Mei Xue Zhi Dan Sheng@f阎国忠主编@FYan Guo Zhong Zhu Bian
210    @a合肥@c安徽教育出版社@d2000
215    @a273页@d21cm
225    @a二十世纪中国美学研究丛书
410    @12001 @a二十世纪中国美学研究丛书
606 0  @a美学-关系-社会生产
606 0  @a技术美学@x美学史@y中国
690    @aB832.1@v4
701  0 @a阎国忠@4主编
801    @aCN@bTSTC@c20020427
905    @b309250-253@dB832.1@e159@f4
    
    中国技术美学之诞生/阎国忠主编.-合肥:安徽教育出版社,2000
    273页;21cm.-(二十世纪中国美学研究丛书)
    
    
    ISBN 7-5336-2679-6:CNY12.50
    
●
相关链接 在E读中查询图书 在五车中查询图书 在当当中查询图书 在豆瓣中查询图书


正题名:中国技术美学之诞生     索取号:B832.1/159         预约/预借

序号 登录号 条形码 馆藏地/架位号 状态 备注
1 0309250   203092508   第一借阅区/ [索取号:B832.1/159] 在馆    
2 0309251   203092517   第一借阅区/ [索取号:B832.1/159] 在馆    
3 0309252   203092526   教育系资料室/ [索取号:B832.1/159] 在馆    
4 0309253   203092535   第一样本阅览室/ [索取号:B832.1/159] 在馆    
唐山师范学院图书馆 欢迎您!
大连网信软件有限公司© 版权所有